Statistics for Actors with Oscars and Razzies

Click here to take the quiz!

General Stats

  • This quiz has been taken 484 times
  • The average score is 14 of 20

Answer Stats

OscarRazzieActor% Correct
The Revenant (2015)The Man in the Iron Mask (1998)Leonardo DiCaprio
93%
Monster's Ball (2001)Catwoman (2004)Halle Berry
93%
Braveheart (1995)Daddy's Home 2 (2017)Mel Gibson
92%
Good Will Hunting (1997)Daredevil / Gigli / Paycheck (2003)Ben Affleck
91%
Scent of a Woman (1992)Jack and Jill (2011)Al Pacino
83%
Dances with Wolves (1990)Robin Hood: Prince of Thieves (1991)Kevin Costner
82%
The Blind Side (2009)All About Steve (2009)Sandra Bullock
78%
On the Waterfront (1954)The Island of Dr. Moreau (1996)Marlon Brando
77%
Ben-Hur (1959)Cats & Dogs / Planet of the Apes / Town & Country (2001)Charlton Heston
72%
The Hours (2002)Bewitched (2005)Nicole Kidman
71%
12 Years a Slave (2013)Interview with the Vampire (1994)Brad Pitt
71%
Purple Rain (1984)Under the Cherry Moon (1986)Prince
71%
Cabaret (1972)Arthur 2: On the Rocks / Rent-a-Cop (1988)Liza Minnelli
69%
The Theory of Everything (2014)Jupiter Ascending (2015)Eddie Redmayne
67%
Life Is Beautiful (1997)Pinocchio (2002)Roberto Benigni
55%
L.A. Confidential (1997)Fifty Shades Darker (2017)Kim Basinger
55%
A Fish Called Wanda (1988)Wild Wild West (1999)Kevin Kline
55%
Lost in Translation (2003)The Godfather Part III (1990)Sofia Coppola
51%
Hamlet (1948)The Jazz Singer (1980)Laurence Olivier
51%
Network (1976)Mommie Dearest (1981)Faye Dunaway
45%

Score Distribution

Percentile by Number Answered

Percent of People with Each Score

Your Score History

You have not taken this quiz